| 000 | 00439nam a22001577a 4500 | ||
|---|---|---|---|
| 005 | 20170803141238.0 | ||
| 008 | 170803b xxu||||| |||| 00| 0 eng d | ||
| 020 | _a086037209X | ||
| 040 | _cPK-LaUMT | ||
| 082 |
_aZIAC 297 _bNON-I |
||
| 100 | _aNona Abul-Fadl | ||
| 245 |
_aIntroducing Islam form within: _balternative perspectives/ _cNona Abul-Fadl |
||
| 260 |
_aLondon; _bThe Islamic foundation, _c1991 |
||
| 300 | _a135 p. | ||
| 942 | _cBK | ||
| 999 |
_c96369 _d96369 |
||